Looking for Alaska / (Record no. 2533)

MARC details
000 -LEADER
fixed length control field 01923cam a2200469 i 4500
005 - DATE AND TIME OF LATEST TRANSACTION
control field 20250828094355.0
020 ## - INTERNATIONAL STANDARD BOOK NUMBER
International Standard Book Number 9780593109069
Qualifying information (paperback)
020 ## - INTERNATIONAL STANDARD BOOK NUMBER
International Standard Book Number 0593109066
Qualifying information (paperback)
020 ## - INTERNATIONAL STANDARD BOOK NUMBER
International Standard Book Number 9780007523160
040 ## - CATALOGING SOURCE
Original cataloging agency YDX
Language of cataloging eng
Transcribing agency YDX
Description conventions rda
Modifying agency BDX
-- ZQP
-- OCLCF
-- DLC
050 00 - LIBRARY OF CONGRESS CALL NUMBER
Classification number PZ7.G8233
Item number Lo 2019
082 04 - DEWEY DECIMAL CLASSIFICATION NUMBER
Classification number 813.54
Edition number 23
100 1# - MAIN ENTRY--PERSONAL NAME
Personal name Green, John
Dates associated with a name 1977-
Relator term author.
245 10 - TITLE STATEMENT
Title Looking for Alaska /
Statement of responsibility, etc. John Green
260 ## - PUBLICATION, DISTRIBUTION, ETC.
Place of publication, distribution, etc. London :
Name of publisher, distributor, etc. HarperCollins,
Date of publication, distribution, etc. 2005
300 ## - PHYSICAL DESCRIPTION
Extent 272 pages :
Dimensions 21cm
500 ## - GENERAL NOTE
General note First published in 2005.
500 ## - GENERAL NOTE
General note Includes reader's guide and excerpt from: Turtles all the way down.
505 ## - FORMATTED CONTENTS NOTE
Formatted contents note T
520 ## - SUMMARY, ETC.
Summary, etc. Sixteen-year-old Miles' first year at Culver Creek Preparatory School in Alabama includes good friends and great pranks, but is defined by the search for answers about life and death after a fatal car crash.
521 ## - TARGET AUDIENCE NOTE
Target audience note 850
Source Lexile
521 ## - TARGET AUDIENCE NOTE
Target audience note T
Source Raz-Plus
650 #0 - SUBJECT ADDED ENTRY--TOPICAL TERM
Topical term or geographic name entry element Interpersonal relations
Form subdivision Juvenile fiction.
650 #0 - SUBJECT ADDED ENTRY--TOPICAL TERM
Topical term or geographic name entry element Boarding schools
Form subdivision Juvenile fiction.
650 #0 - SUBJECT ADDED ENTRY--TOPICAL TERM
Topical term or geographic name entry element Schools
Form subdivision Juvenile fiction.
650 #0 - SUBJECT ADDED ENTRY--TOPICAL TERM
Topical term or geographic name entry element Death
Form subdivision Juvenile fiction.
650 #0 - SUBJECT ADDED ENTRY--TOPICAL TERM
Topical term or geographic name entry element Interpersonal relations in adolescence
Form subdivision Juvenile fiction.
650 #0 - SUBJECT ADDED ENTRY--TOPICAL TERM
Topical term or geographic name entry element Boarding schools
Geographic subdivision Alabama
Form subdivision Juvenile fiction.
650 #0 - SUBJECT ADDED ENTRY--TOPICAL TERM
Topical term or geographic name entry element Teenagers and death
Form subdivision Juvenile fiction.
650 #0 - SUBJECT ADDED ENTRY--TOPICAL TERM
Topical term or geographic name entry element Young adult fiction.
650 #7 - SUBJECT ADDED ENTRY--TOPICAL TERM
Topical term or geographic name entry element Boarding schools.
Source of heading or term fast
Authority record control number or standard number (OCoLC)fst00835102
650 #7 - SUBJECT ADDED ENTRY--TOPICAL TERM
Topical term or geographic name entry element Death.
Source of heading or term fast
Authority record control number or standard number (OCoLC)fst00888613
650 #7 - SUBJECT ADDED ENTRY--TOPICAL TERM
Topical term or geographic name entry element Interpersonal relations.
Source of heading or term fast
Authority record control number or standard number (OCoLC)fst00977397
650 #7 - SUBJECT ADDED ENTRY--TOPICAL TERM
Topical term or geographic name entry element Interpersonal relations in adolescence.
Source of heading or term fast
Authority record control number or standard number (OCoLC)fst00977436
650 #7 - SUBJECT ADDED ENTRY--TOPICAL TERM
Topical term or geographic name entry element Schools.
Source of heading or term fast
Authority record control number or standard number (OCoLC)fst01107958
650 #7 - SUBJECT ADDED ENTRY--TOPICAL TERM
Topical term or geographic name entry element Teenagers and death.
Source of heading or term fast
Authority record control number or standard number (OCoLC)fst01145667
650 #7 - SUBJECT ADDED ENTRY--TOPICAL TERM
Topical term or geographic name entry element Young adult fiction.
Source of heading or term fast
Authority record control number or standard number (OCoLC)fst01183080
655 #7 - INDEX TERM--GENRE/FORM
Genre/form data or focus term Fiction.
Source of term fast
Authority record control number or standard number (OCoLC)fst01423787
906 ## - LOCAL DATA ELEMENT F, LDF (RLIN)
a 7
b cbc
c copycat
d 2
e ncip
f 20
g y-gencatlg
942 ## - ADDED ENTRY ELEMENTS (KOHA)
Source of classification or shelving scheme Dewey Decimal Classification
Koha item type Books
Suppress in OPAC No
999 ## -
-- 2533
-- 2533
Holdings
Withdrawn status Lost status Source of classification or shelving scheme Damaged status Not for loan Collection Home library Current library Shelving location Date acquired Total Checkouts Full call number Barcode Date last seen Date last checked out Price effective from Koha item type
    Library of Congress Classification     Fiction Footprints International School Library Network Toul Tom Poung Campus Footprints International School Library Network Toul Tom Poung Campus TTP Secondary Fiction Bookshelves 12/14/2023 2 GRE 813.54 PZ7.G8233 FISSE01694 11/14/2025 08/28/2025 12/14/2023 Books